00642cam a22002057a 4500003000500000005001700005008004100022010001000063011001000073035001000083040000900093082001500102100004200117245007100159260003600230300002000266500007300286650004500359700003200404CHAP20220329141418.0971013s1987 r 00010 d a67752 a68724 a78197 cCHAP a551.5bG6300aGómez Morales, Santiago Benjamín. 0aElementos básicos para el manejo de instrumental meteorológico aMéxico, D. F. :bCECSA,c1987 a152 p.b: ilus. ac.4 sust. por Romo González, José R. Meteorologia Agrícola c.414aMeteorologíaxAparatos e instrumentos.0 aArteaga Ramírez, Ramón.